1974 FIFA World Cup Host Cities and Stadiums - Statistics

General Stats
  • This quiz has been taken 35 times
  • The average score is 12 of 18
Answer Stats
Picture Hint Answer % Correct
West Germany München
100%
West Germany West-Berlin
94%
West Germany Dortmund
89%
West Germany Düsseldorf
89%
West Germany Frankfurt
89%
West Germany Hamburg
89%
West Germany Stuttgart
89%
West Germany Gelsenkirchen
78%
3 games | Capacity: 86.000 Olympiastadion
72%
5 games | Capacity: 77.573 Olympiastadion
72%
West Germany Hannover
67%
4 games | Capacity: 53.600 Westfalenstadion
61%
5 games | Capacity: 72.000 Parkstadion
56%
5 games | Capacity: 62.200 Waldstadion
50%
4 games | Capacity: 72.200 Neckarstadion
39%
3 games | Capacity: 61.300 Volksparkstadion
39%
4 games | Capacity: 60.400 Niedersachsenstadion
33%
4 games | Capacity: 70.100 Rheinstadion
33%
No matching quizzes found
Score Distribution
Percent of People with Each Score
Percentile by Number Answered
Your Score History
You have not taken this quiz